000 00576nam a2200205Ia 4500
003 IIN
005 20240202114201.0
008 231217s9999 xx 000 0 und d
020 _cRs.225.00
_a9788172253257
040 _aIIN
_bEnglish
082 _a611
_bNIR
100 1 _aNirvan, Ashok B
245 1 _aAnatomy Made Easy :
_bShort Questions & Answers
_cAshok B Nirvan , Jitendra P Patel and Ritesh K Shah
260 _bBI
_aNew Delhi
_c2009
300 _a229 p.
650 1 _aAnatomy
700 1 _aPatel, Jitendra P
700 1 _aShah, Ritesh K
942 _cBOOK
999 _c67
_d67